|
|
|
|
| LEADER |
00000nab a2200000 a 4500 |
| 001 |
vtls000353429 |
| 003 |
SK-MaSNL |
| 005 |
20260302230200.0 |
| 008 |
160215c1989 xo 0 slo |
| 015 |
|
|
|a SNBRB19rr/mm-uuuuu
|
| 035 |
|
|
|a CL0353551
|
| 040 |
|
|
|a SNKBUCL
|b slo
|c SNKBUCL
|e AACR2
|
| 041 |
0 |
|
|a slo
|
| 044 |
|
|
|a xo
|c SK
|
| 080 |
|
|
|a 328.1(437)-051
|2 1981
|
| 080 |
|
|
|a 929 Vodrážka, Ladislav
|2 1981
|
| 080 |
|
|
|a 929 Šebek, Alfréd
|2 1981
|
| 245 |
0 |
0 |
|a Životopisy nových členov vlády ČSSR ; Ladislav Vodrážka, Alfréd Šebek
|
| 300 |
|
|
|b Fot. 2.
|
| 600 |
1 |
7 |
|a Vodrážka, Ladislav,
|d 1923-
|2 SNKMA
|9 959475
|
| 600 |
1 |
7 |
|a Šebek, Alfréd,
|d 1940-
|2 SNKMA
|9 959476
|
| 655 |
|
7 |
|a články z novín a časopisov
|2 snkbucl
|9 267496
|
| 773 |
0 |
|
|t Pravda
|g Roč. 70, č. 143 (20. 6. 1989), s. 2
|
| 850 |
|
|
|a Slovenská národná knižnica v Martine
|a MTA001
|
| 852 |
|
|
|a SNK
|b KIS3GCP
|
| 958 |
|
|
|a BX
|
| 958 |
|
|
|a RK
|
| 958 |
|
|
|a CZ
|
| 992 |
|
|
|a RBX
|
| 999 |
|
|
|c 1532582
|d 1534512
|